IATA 3 Letter Airport Codes of Capital Cities (With Territories) - Statistics

General Stats
  • This quiz has been taken 49 times
    6 since last reset
  • The average score is 99 of 246
Answer Stats
IATA Capital(s) % Correct
AUH Abu Dhabi
100%
ACC Accra
100%
ALG Algiers
100%
AMM Amman (Al Jizah)
100%
AMS Amsterdam (Haarlemmermeer / Hoofddorp)
100%
ATH Athens (Spata / Artemida)
100%
BKK Bangkok (Bang Phli)
100%
PEK Beijing
100%
BER Berlin (Schönefeld)
100%
BOG Bogotá
100%
OTP Bucharest (Otopeni)
100%
CPH Copenhagen (Kastrup)
100%
DUB Dublin (Swords / Collinstown)
100%
HKG Hong Kong
100%
KUL Kuala Lumpur (Sepang)
100%
LIM Lima (Callao)
100%
LIS Lisbon
100%
LHR London
100%
MAD Madrid
100%
MLE Malé
100%
MNL Manila (Pasay)
100%
MEX México City
100%
NAS Nassau
100%
OSL Oslo (Ullensaker)
100%
CDG Paris (Roissy / Tremblay)
100%
PRG Prague
100%
KEF Reykjavik (Keflavik)
100%
FCO Rome (Fiumicino)
100%
SOF Sofia
100%
ARN Stockholm (Märsta / Sigtuna)
100%
TPE Taipei (Taoyuan)
100%
HND / NRT Tōkyō / (Narita)
100%
TUN Tunis
100%
VIE Vienna (Schwechat)
100%
WAW Warsaw
100%
ZAG Zagreb (Velika Gorica)
100%
BRU Brussels (Zaventem)
83%
BUD Budapest
83%
DIL Dili
83%
DOH Doha
83%
FUN Funafuti (Vaiaku)
83%
JUB Juba
83%
LUX Luxembourg (Niederanven / Sandweiler)
83%
YOW Ottawa
83%
JRS Rām Allāh (Jerusalem)
83%
SIN Singapore
83%
SKP Skopje (Ilinden)
83%
SUV Suva (Nausori)
83%
TIA Tirana (Krujë / Nikël)
83%
VTE Vientiane
83%
EVN Yerevan
83%
ADD Addis Ababa
67%
APW Apia (Satapuala / Faleolo)
67%
BKO Bamako
67%
BEY Beirut (Aley / Shoueifat)
67%
BRN Bern (Belp)
67%
CKY Conakry
67%
DAM Damascus (Ḥarrān / Al-Khāṣ)
67%
DAR / DOD (Dar es Salaam) / Dodoma
67%
DAC Dhaka
67%
GIB Gibraltar
67%
GUM Hagåtña (Guam)
67%
HAN Hà Nội (Nội Bài / Sóc Sơn)
67%
HRE Harare
67%
HEL Helsinki (Vantaa)
67%
KBL Kabul
67%
KRT Khartoum
67%
KGL Kigali
67%
KBP Kyiv (Boryspil')
67%
LLW Lilongwe
67%
NDJ N'Djamena
67%
RIX Rīga (Mārupe)
67%
ICN Seoul (Incheon)
67%
TLL Tallinn
67%
UBN Ulaanbaatar (Sergelen)
67%
WLG Wellington
67%
WDH Windhoek
67%
ABJ / ASK Abidjan / (Yamoussoukro)
50%
ESB Ankara (Çubuk)
50%
ASM Asmara
50%
ASU Asunción (Luque)
50%
BGW Baghdad
50%
BJL Banjul (Kombo North)
50%
BFS Belfast (Antrim)
50%
BEG Belgrade (Surčin)
50%
BSB Brasília
50%
BTS Bratislava
50%
BZV Brazzaville
50%
CAI Cairo
50%
JIB Djibouti
50%
EDI Edinburgh
50%
EZE / AEP (Ezeiza) / Buenos Aires
50%
HAV Havana
50%
CGK Jakarta (Tangerang)
50%
SVO / VKO (Khimki) / Moscow
50%
KWI Kuwait City (Farwaniya)
50%
LCA Larnaca
50%
LBV Libreville
50%
LJU Ljubljana (Kranj / Cerklje)
50%
MAJ Majuro
50%
BAH Manama (Muharraq, Bahrain)
50%
MPM Maputo
50%
MCT Muscat
50%
NBO Nairobi
50%
DEL New Delhi
50%
NKC Nouakchott (Ouad Naga)
50%
PTY Panamá City
50%
PBM Paramaribo (Zanderij)
50%
PRN Pristina
50%
RUH Riyadh
50%
SJO San José (Alajuela)
50%
SJU San Juan (Carolina)
50%
SCL Santiago (Pudahuel)
50%
TLV Tel Aviv-Yafo (Ramlā)
50%
VNO Vilnius
50%
IAD / DCA Washington (Dulles / Arlington)
50%
ABV Àbújá
33%
GYD Baku
33%
BJM / GID (Bujumbura) / Gitega
33%
CBR Canberra
33%
CPT, BFN, PRY Cape Town, Bloemfontein, Pretoria
33%
CCS Caracas (Maiquetía)
33%
FDF Fort-de-France (Le Lamentin)
33%
GUA Guatemala City
33%
BDA Hamilton (Saint George's)
33%
EBB Kampala (Entebbe)
33%
KTM Kathmandu
33%
KIN Kingston
33%
LYR Longyearbyen
33%
MSQ Minsk
33%
OUA Ouagadougou
33%
PPT Papeʻetē (Faʻaʻā, Tahiti)
33%
POM Port Moresby
33%
UIO Quito
33%
RBA Rabat (Salé)
33%
SDQ Santo Domingo (Boca Chica)
33%
SJJ Sarajevo
33%
TRW South Tarawa (Bonriki)
33%
TBS Tbilisi
33%
IKA Tehran (Fashapuyeh)
33%
MLA Valletta (Luqa, Malta)
33%
ASB Ashgabat
17%
NQZ Astana
17%
BWN Bandar Seri Begawan
17%
PTP Basse-Terre (Les Abymes)
17%
BGI Bridgetown (Christ Church)
17%
CAY Cayenne (Matoury)
17%
RMO Chișinău
17%
DSS Dakar (Ndiass)
17%
GBE Gaborone
17%
GCM George Town (Grand Cayman)
17%
ISB Islamabad (Rawalpindi)
17%
FIH Kinshasa
17%
LPB, SRE La Paz, Sucre
17%
LAD Luanda
17%
LUN Lusaka
17%
MFM Macau
17%
DZA Mamoudzou (Pamandzi / Dzaoudzi)
17%
MGA Managua
17%
MVD Montevideo (Ciudad de la Costa)
17%
NOU Nouméa (Païta)
17%
GOH Nuuk
17%
AUA Oranjestad (Aruba)
17%
MRU Port Louis (Plaine Magnien)
17%
POS Port of Spain (Piarco)
17%
VLI Port Vila
17%
FNJ Pyongyang
17%
RUN Saint-Denis
17%
SAL San Salvador (San Luis Talpa)
17%
TAS Tashkent
17%
FAE Tórshavn (Sørvágur, Vágar)
17%
SEZ Victoria (Pointe La Rue, Mahé)
17%
CUR Willemstad (Curaçao)
17%
IUE Alofi (Niuē)
0%
TNR Antananarivo (Ivato)
0%
RAR Avarua (Rarotonga)
0%
BGF Bangui (Bégoua)
0%
SKB Basseterre (Saint Kitts)
0%
BZE / BCV (Belize City) / Belmopan
0%
BSZ Bishkek (Manas / Sokuluk)
0%
OXB Bissau (Safim)
0%
CWL Cardiff (Rhoose)
0%
STT Charlotte Amalie (Saint Thomas)
0%
BSG Ciudad de la Paz (Bata)
0%
GDT Cockburn Town (Grand Turk)
0%
CMB, CMB Colombo, Sri Jayawardenepura Kotte (Katunayake)
0%
XPL / TGU (Comayagua) / Tegucigalpa
0%
NKW Diego Garcia
0%
IOM Douglas (Malew / Castletown)
0%
DYU Dushanbe
0%
AKT Episkopi Cantonment (Akrotiri)
0%
XCH Flying Fish Cove (Christmas Island)
0%
FNA Freetown
0%
ASI Georgetown (Ascension)
0%
GEO Georgetown (Timehri)
0%
SBH Gustavia (Saint Barthélemy)
0%
IPC Hanga Roa (Easter Island)
0%
HGA Hargeisa
0%
HIR Honiara
0%
HLE Jamestown (Saint Helena)
0%
NLK Kingston (Burnt Pine, Norfolk Island)
0%
SVD Kingstown (Argyle, Saint Vincent)
0%
BON Kralendijk (Bonaire)
0%
LFW Lomé
0%
MHQ Mariehamn (Jomala)
0%
SFG Marigot (Grand Case)
0%
MSU Maseru
0%
WLS Matā'utu (Mala'e, Wallis)
0%
SHO, SHO Mbabane, Lobamba (Hlane)
0%
MGQ Mogadishu
0%
MCM Monaco
0%
ROB Monrovia (Harbel)
0%
HAH Moroni (Hahaya / Mbaléni)
0%
NYT Naypyidaw (Lewe)
0%
ROR Ngerulmud (Airai)
0%
NIM Niamey
0%
TBU Nuku'alofa
0%
EUX Oranjestad (Sint Eustatius)
0%
PPG Pago Pago (Tāfuna, Tutuila)
0%
PNI Palikir (Kolonia, Pohnpei)
0%
SXM Philipsburg (Simpson Bay)
0%
KTI Phnom Penh (Kandal Stueng)
0%
MNI, MNI Plymouth, Brades (Gerald's, Montserrat)
0%
TGD Podgorica
0%
PAP Port-au-Prince
0%
COO Porto-Novo (Cotonou)
0%
RAI Praia
0%
EIS Road Town (Tortola / Beef Island)
0%
DOM Roseau (Marigot, Dominica)
0%
GND Saint George's (Grenada)
0%
JER Saint Helier (Saint Peter)
0%
ANU Saint John's (Osbourn)
0%
GCI Saint Peter Port (La Villiaze)
0%
FSP Saint-Pierre
0%
SPN Saipan
0%
SAH Ṣanʿāʾ
0%
TMS São Tomé
0%
MPN Stanley (Mount Pleasant)
0%
SAB The Bottom (Zion's Hill, Saba)
0%
AXA The Valley (Anguilla)
0%
PBH Thimphu (Paro)
0%
MJI Tripoli
0%
UVF / SLU (Vieux Fort) / Castries
0%
CCK West Island (Cocos (Keeling) Islands)
0%
NSI Yaoundé
0%
INU Yaren
0%
No matching quizzes found
Score Distribution
Percent of People with Each Score
Percentile by Number Answered
Your Score History
You have not taken this quiz since the last reset